Logo CIB grande

FUNDAMENTOS DE LA ELECTROQUÍMICA TEÓRICA (Registro nro. 235235)

Detalles MARC
000 -LEADER
campo de control de longitud fija 00507nam a2200217Ia 4500
005 - FECHA Y HORA DE LA ÚLTIMA TRANSACCIÓN
campo de control 20250425162728.0
008 - DATOS DE LONGITUD FIJA--INFORMACIÓN GENERAL
campo de control de longitud fija 250425s9999 xx 000 0 und d
041 ## - CÓDIGO DE IDIOMA
Código de lengua del texto/banda sonora o título independiente spa
082 ## - NÚMERO DE LA CLASIFICACIÓN DECIMAL DEWEY
Número de clasificación 541.37
010 ## - NÚMERO DE CONTROL DE LA BIBLIOTECA DEL CONGRESO
Número de control de LC 103506
100 ## - ENTRADA PRINCIPAL--NOMBRE DE PERSONA
Nombre de persona DAMASKÍN, BORIS B.
245 #0 - MENCIÓN DEL TÍTULO
Título FUNDAMENTOS DE LA ELECTROQUÍMICA TEÓRICA
250 ## - MENCION DE EDICION
Mención de edición 1A. ED.
260 ## - PUBLICACIÓN, DISTRIBUCIÓN, ETC.
Lugar de publicación, distribución, etc. MOSCOW
260 ## - PUBLICACIÓN, DISTRIBUCIÓN, ETC.
Lugar de publicación, distribución, etc. Rusia
Nombre del editor, distribuidor, etc. MIR
Fecha de publicación, distribución, etc. 1980
300 ## - DESCRIPCIÓN FÍSICA
Extensión 330
650 ## - PUNTO DE ACCESO ADICIONAL DE MATERIA--TÉRMINO DE MATERIA
Término de materia o nombre geográfico como elemento de entrada ELECTROQUIMICA
650 ## - PUNTO DE ACCESO ADICIONAL DE MATERIA--TÉRMINO DE MATERIA
Término de materia o nombre geográfico como elemento de entrada QUIMICA
700 ## - ENTRADA AGREGADA--NOMBRE PERSONAL
Nombre de persona PETRI, FERDINAND
942 ## - ELEMENTOS DE ENTRADA SECUNDARIOS (KOHA)
Tipo de ítem Koha Libros
Existencias
Estatus retirado Estado de pérdida Estado de daño No para préstamo Biblioteca de origen Biblioteca actual Fecha de adquisición Coste, precio normal de compra Total de préstamos Código de barras Copia número Tipo de ítem Koha
        CENTRO DE INFORMACIÓN BIBLIOTECARIA CENTRO DE INFORMACIÓN BIBLIOTECARIA 16/06/2017 10.00   D-108072 1 Libros

Copyright 2025 ESPOL. Todos los derechos reservados.